| 000 | 00856cam a22002771a 4500 | ||
|---|---|---|---|
| 001 | sa 65001414 | ||
| 003 | DLC | ||
| 005 | 20260227112109.0 | ||
| 008 | 900223s1964 ii 000 0 sano | ||
| 010 | _asa 65001414 | ||
| 035 | _a(OCoLC)21115447 | ||
| 040 |
_aDLC _cWaU _dNSyU _dDLC |
||
| 042 | _apremarc | ||
| 043 | _aa-ii--- | ||
| 050 | 0 | 0 |
_aPK2916.J3 _bR3 1964 |
| 100 | 0 | _aJagannātha Paṇḍitarāja. | |
| 245 | 1 | 0 |
_aRasagaṅgādharahr̥dayam. _clekhaka Jñanacandrastyāgī. |
| 260 |
_aVarnasī : _bCarkharmbā, _c[1964] |
||
| 300 |
_a16, 120 p. _c19 cm. |
||
| 490 | 1 |
_aVidyabhawan Sanskrit granthamala ; _v110 |
|
| 500 | _aAdded t.p. in English. | ||
| 500 | _aIn Sanskrit; pref. in English. | ||
| 650 | 0 |
_aSanskrit poetry _xHistory and criticism. |
|
| 700 | 1 | _aTyagi, Jnanachandra. | |
| 830 | 0 |
_aVidyalhavana Samskrta Granthamala ; _v110. |
|
| 999 |
_c62040 _d62040 |
||